| 000 | 00626nam a2200217 i 4500 | ||
|---|---|---|---|
| 001 | 11930 | ||
| 003 | ES-MaACL | ||
| 005 | 20230906150214.0 | ||
| 007 | t| | ||
| 008 | 970110s1994 xxu ||||1| eng d | ||
| 020 | _a0-521-43438-6 | ||
| 080 | _a52(084.4) | ||
| 245 | 0 | 4 |
_aThe Cambridge atlas of astronomy / _cedited by Jean Audouze and Guy Israël. |
| 250 | _a3th. ed. | ||
| 260 |
_aCambridge : _bUniversity Press, _c1994. |
||
| 300 |
_a470 p. : _bil. ; _c37 cm. |
||
| 650 |
_aAstronomía- _vAtlas. _910387 |
||
| 700 | 1 |
_aAudouze, Jean. _923869 |
|
| 700 | 1 |
_aIsrael, Guy. _965595 |
|
| 852 |
_aES-MaACL _jC-10842 _bR.125130 |
||
| 999 |
_c11930 _d11930 |
||